Vymáhanie daňových nedoplatkov a daňové exekučné konanie

Pätnástou novelou zákona č. 511/1992 Zb. o správe daní a poplatkov, t.j. zákonom č. 219/1999 Z.z., sa uzákonili niektoré zmeny v daňovom exekučnom konaní ako i vo vymáhaní daňových nedoplatkov. Daňovej exekúcii podliehajú všetky príjmy, ktoré daňový dlžník získa a môže byť vydaný dokonca aj exekučný...

Full description

Saved in:
Bibliographic Details
Main Author: Mikulíková, Mária
Other Authors: Vydrová, Mária
Format: Book Chapter
Language:Slovak
Subjects:
Tags: Add Tag
No Tags, Be the first to tag this record!

MARC

LEADER 00000naa a2200000 4500
001 r042913
005 20231003084713.4
041 0 |a slo 
044 |a SK 
245 1 0 |a Vymáhanie daňových nedoplatkov a daňové exekučné konanie  |c Mária Mikulíková, Mária Vydrová 
520 |a Pätnástou novelou zákona č. 511/1992 Zb. o správe daní a poplatkov, t.j. zákonom č. 219/1999 Z.z., sa uzákonili niektoré zmeny v daňovom exekučnom konaní ako i vo vymáhaní daňových nedoplatkov. Daňovej exekúcii podliehajú všetky príjmy, ktoré daňový dlžník získa a môže byť vydaný dokonca aj exekučný príkaz na zrážky zo mzdy manžela daňového dlžníka. 
610 2 0 |a konanie daňové 
610 2 0 |a exekúcia 
610 2 0 |a nedoplatky 
610 2 0 |a vymáhanie pohľadávok 
610 2 0 |a dlžníci 
610 2 0 |a pohľadávky 
610 2 0 |a správa daňová 
100 1 |a Mikulíková, Mária 
700 1 |a Vydrová, Mária